| 000 | 00596nam a2200181Ia 4500 | ||
|---|---|---|---|
| 008 | 090630s9999 xx 000 0 und d | ||
| 082 | _b12247 | ||
| 100 | _aडॉ. वाडकर धोंडीराम. | ||
| 245 |
_aगोल्ला. _cडॉ. वाडकर धोंडीराम. |
||
| 260 |
_bमोरया. _c1993 |
||
| 300 | _a151 | ||
| 600 | _aडॉ. वाडकर धोंडीराम. | ||
| 630 | _aगोल्ला. | ||
| 655 | _aइतर. | ||
| 700 | _aडॉ. वाडकर धोंडीराम. | ||
| 730 | _aगोल्ला. | ||
| 942 | _cBOOK | ||
| 999 |
_c264103 _d264103 |
||